00293nam a2200109Ia 4500008004100000041000800041082001600049245005900065250000600124260004100130300001200171210716s2016 xx 000 0 und d aeng a153.94 GMAT aGMAT: ace the bold face 2017.bAce the bold face 2017. a1 aNew DelhibWiley India Pvt Ltdc2016 aviii,78